Przedrostki matematyczne - Statystyki

Ogólne statystyki
  • Ten quiz został rozwiązany 55 razy
  • Średni wynik to 12 z 20
Statystyki odpowiedzi
Czynnik nazwa % Poprawnych
10^3 kilo
83%
10^6 mega
83%
10^-3 mili
83%
10^-9 nano
80%
10^-2 centy
77%
10^-1 decy
77%
10^9 giga
77%
10^-12 piko
70%
10^1 deka
67%
10^-6 mikro
67%
10^2 hekto
63%
10^12 tera
63%
10^15 peta
53%
10^18 eksa
47%
10^-18 atto
43%
10^24 jotta
43%
10^-24 jokto
37%
10^21 zetta
37%
10^-15 femto
33%
10^-21 zepto
27%
Nie znaleziono quizów pasujących do podanych kryteriów
Rozkład punktacji
Procent ludzi z każdym wynikiem
Percentyl według liczby udzielonych odpowiedzi
Twoja historia wyników
Nie rozwiązałeś tego quizu